Cesc Fabregas' Arsenal Goals Quiz Stats

 Plays Quiz not verified by Sporcle

Also try: Patriot League
Challenge
Share
Tweet
Embed
Score 0/57 Timer 08:00
0 Plays Today
Date Opposition % Correct
November 3rd 2007Manchester United
99.4%
August 7th 2005Chelsea
96.8%
December 27th 2010Chelsea
96.8%
April 17th 2007Manchester City
93.7%
August 25th 2007Manchester City
93.7%
May 8th 2005Liverpool
93%
October 28th 2007Liverpool
93%
September 15th 2007Tottenham Hotspur
91.8%
October 31st 2009Tottenham Hotspur
91.8%
August 15th 2009Everton
91.1%
August 15th 2009Everton
91.1%
November 14th 2010Everton
91.1%
December 27th 2009Aston Villa
89.2%
December 27th 2009Aston Villa
89.2%
March 31st 2010Barcelona
88%
May 1st 2006Sunderland
85.4%
October 4th 2008Sunderland
85.4%
February 20th 2010Sunderland
85.4%
September 18th 2010Sunderland
85.4%
January 29th 2008Newcastle United
84.2%
March 20th 2010West Ham United
83.5%
March 4th 2006Fulham
80.4%
August 25th 2004Blackburn Rovers
75.9%
November 26th 2005Blackburn Rovers
75.9%
October 4th 2009Blackburn Rovers
75.9%
April 14th 2007Bolton Wanderers
74.7%
January 17th 2010Bolton Wanderers
74.7%
January 20th 2010Bolton Wanderers
74.7%
March 28th 2006Juventus
71.5%
Date Opposition % Correct
January 8th 2011Leeds United
69.6%
March 4th 2008AC Milan
69%
December 2nd 2003Wolverhampton Wanderers
68.4%
November 7th 2009Wolverhampton Wanderers
68.4%
February 27th 2010Stoke City
68.4%
September 19th 2009Wigan Athletic
65.8%
April 26th 2009Middlesbrough
63.3%
April 26th 2009Middlesbrough
63.3%
September 2nd 2007Portsmouth
60.1%
September 22nd 2007Derby County
60.1%
December 16th 2009Burnley
58.9%
March 6th 2010Burnley
58.9%
January 25th 2011Ipswich Town
54.4%
September 19th 2007Sevilla
44.3%
September 15th 2010SC Braga
38.6%
September 15th 2010SC Braga
38.6%
October 19th 2010Shakhtar Donetsk
38.6%
August 15th 2007Sparta Prague
38%
August 29th 2007Sparta Prague
38%
October 23rd 2007Slavia Prague
36.1%
October 23rd 2007Slavia Prague
36.1%
August 8th 2006Dinamo Zagreb
34.8%
August 8th 2006Dinamo Zagreb
34.8%
January 30th 2011Huddersfield Town
34.2%
December 7th 2004Rosenborg BK
32.3%
October 20th 2009AZ Alkmaar
23.4%
November 4th 2009AZ Alkmaar
23.4%
November 4th 2009AZ Alkmaar
23.4%

You're not logged in!

Compare scores with friends on all Sporcle quizzes.
Join for Free
OR
Log In

You Might Also Like...

Show Comments

Extras

Top Quizzes Today


Score Distribution

Your Account Isn't Verified!

In order to create a playlist on Sporcle, you need to verify the email address you used during registration. Go to your Sporcle Settings to finish the process.

Report this User

Report this user for behavior that violates our Community Guidelines.

Details: